000 00756nam a2200229 a 4500
005 20230602063649.0
008 991125s1982 mx 000 0 spa u
020 _a9682908663
035 _aUPN01000006487
040 _aMX-MxUPN
_bspa
_cMX-MxUPN
050 4 _aPQ7104
_bL57 no.11
100 1 _aAvilés Fabila, René,
_d1940-
245 1 3 _aLa canción de Odette-Tantadel /
_cRené Avilés Fabila.
250 _aPrimera edición
260 _aMéxico :
_bPremiá :
_bSecretaría de Educación Pública, Subsecretaría de Cultura,
_c1982.
300 _a189 páginas
490 _aLecturas mexicanas. Segunda serie ;
_v11
650 2 _aLiteratura mexicana
_vColecciones
_99428
650 4 _aNovela mexicana
_94557
905 _aLibro
942 _2lcc
_cLIBRO
999 _c6487
_d6487